[Event "ESP-ch States U14"]
[Site "Isla"]
[Date "2022.06.26"]
[Round "6"]
[White "Saez de Adana Saez, Maria"]
[Black "Veloz Jesus, Sara Alicia"]
[Result "1-0"]
[WhiteElo "1102"]
[BlackElo "1279"]
[PlyCount "145"]
[EventDate "2022.06.23"]
[EventType "swiss"]
[EventRounds "6"]
[EventCountry "ESP"]
[SourceTitle "EXT 2023"]
[Source "ChessBase"]
[SourceDate "2022.10.05"]
[SourceVersion "1"]
[SourceVersionDate "2022.10.05"]
[SourceQuality "1"]

1. e4 e5 2. Nf3 Nc6 3. Nc3 Nf6 4. d4 d6 5. dxe5 dxe5 6. Qxd8+ Kxd8 7. Bc4 Nb4 8. Nxe5 Be6 9. Bxe6 fxe6 10. Nf7+ Ke7 11. Nxh8 Nxc2+ 12. Ke2 Nxa1 13. a3 Nb3 14. Bg5 Nd4+ 15. Ke3 Nc6 16. f4 Ke8 17. Nb5 Rc8 18. h3 Bc5+ 19. Kf3 e5 20. Rd1 Be7 21. f5 Kf8 22. Bxf6 gxf6 23. Rd7 Kg7 24. Nxa7 Nxa7 25. Rxe7+ Kxh8 26. Rf7 Rd8 27. Rxc7 Nc6 28. Rxb7 Nd4+ 29. Kf2 Nc2 30. Ke2 Nd4+ 31. Kf2 Rc8 32. Ke3 Rc2 33. g3 Re2+ 34. Kd3 Rg2 35. Kc4 Rxg3 36. Rf7 Rxh3 37. Rxf6 Rh4 38. Kd5 Nf3 39. Re6 Kg7 40. b4 h5 41. b5 Rh1 42. b6 Rd1+ 43. Kc5 Rc1+ 44. Kd5 Rb1 45. a4 h4 46. Rg6+ Kf7 47. Kc6 Nd4+ 48. Kd5 h3 49. Rh6 Rb3 50. b7 Kg7 51. Rxh3 Rxb7 52. Kxe5 Nc6+ 53. Kf4 Rb4 54. Ra3 Ne7 55. Ke5 Nc6+ 56. Kf4 Ne7 57. a5 Nd5+ 58. Ke5 Nc7 59. a6 Rb8 60. a7 Ra8 61. Ra5 Ne8 62. Ke6 Nc7+ 63. Kd7 Nb5 64. Rxb5 Rxa7+ 65. Ke6 Ra6+ 66. Ke5 Kf7 67. Rb7+ Kf8 68. Kf4 Ke8 69. e5 Ra4+ 70. Kg5 Ra5 71. e6 Re5 72. Kf6 Re1 73. Ra7 1-0

[Event "Colonia de Sant Jordi op-B"]
[Site "Colonia de Sant Jordi"]
[Date "2022.06.05"]
[Round "6"]
[White "Veloz Jesus, Sara Alicia"]
[Black "Hidalgo Maireles, Juan Carlos"]
[Result "0-1"]
[WhiteElo "1279"]
[BlackElo "1700"]
[PlyCount "96"]
[EventDate "2022.06.03"]
[EventType "swiss"]
[EventRounds "6"]
[EventCountry "ESP"]
[SourceTitle "CBM 208 Extra"]
[Source "ChessBase"]
[SourceDate "2022.07.31"]
[SourceVersion "1"]
[SourceVersionDate "2022.07.31"]
[SourceQuality "1"]

1. e4 e6 2. Nc3 d5 3. exd5 exd5 4. Qe2+ Be7 5. d4 c6 6. Nf3 Nf6 7. h3 0-0 8. Bf4 Bb4 9. Qd3 Ne4 10. Be2 Qa5 11. Bd2 Bf5 12. 0-0 Nxd2 13. Qxd2 Nd7 14. a3 Bd6 15. b4 Qc7 16. Bd3 Bf4 17. Qd1 Bg6 18. Ne2 Rfe8 19. Nxf4 Qxf4 20. Bxg6 hxg6 21. Qd2 Qxd2 22. Nxd2 Re2 23. Rad1 Rae8 24. c4 Nb6 25. c5 Na4 26. Nf3 f6 27. Rd2 Nb2 28. Rxe2 Rxe2 29. Rb1 Nc4 30. Rb3 Ra2 31. Nh4 Kf7 32. b5 Rxa3 33. Rb1 Nd2 34. Rb2 Nc4 35. Rb1 Na5 36. Nf3 Rb3 37. Rxb3 Nxb3 38. bxc6 bxc6 39. Kf1 a5 40. Ke2 a4 41. Nd2 Nxd4+ 42. Kd3 Nb5 43. Kc2 a3 44. Kb3 Ke6 45. Nb1 Ke5 46. f3 Kd4 47. Nxa3 Nxa3 48. Kxa3 Kxc5 0-1